Normal view
MARC view
- FLUID DYNAMICS-DATA PROCESSING
Entry Topical Term
001 - CONTROL NUMBER
- control field: 73352
003 - CONTROL NUMBER IDENTIFIER
- control field: NUST
005 - DATE AND TIME OF LATEST TRANSACTION
- control field: 20210628205015.0
008 - FIXED-LENGTH DATA ELEMENTS
- fixed length control field: 210628|| aca||aabn | a|a d
040 ## - CATALOGING SOURCE
- Original cataloging agency: NUST
- Transcribing agency: NUST
150 ## - HEADING--TOPICAL TERM
- Topical term or geographic name entry element: FLUID DYNAMICS-DATA PROCESSING
670 ## - SOURCE DATA FOUND
- Source citation: Work cat.: (NUST): Anderson, John D 1520, Computational fluid dynamics,the basics with applications, 2004
